| 000 | 00708nam a22001697a 4500 | ||
|---|---|---|---|
| 008 | 100726s1986 xxu||||| |||| 00| 0 ara d | ||
| 082 |
_222 _a184 _bف ا ر |
||
| 100 | 1 |
_916595 _aالفارابي، أبو نصر محمد _d874-950 م |
|
| 245 |
_aكتاب الجمع بين رأي الحكيمين / _cأبو النصر الفارابي ؛ قدم له وعلق عليه ألبير نصري نادر |
||
| 250 | _aط2. | ||
| 260 |
_aبيروت : _bدار المشرق ، _c1986. |
||
| 300 |
_a113 ص ؛ _c24 سم. |
||
| 504 | _aيحتوى على إرجاعات ببليوجرافية | ||
| 541 |
_aألف باء ؛ _cشراء ؛ |
||
| 650 |
_915854 _aالفلسفة اليونانية |
||
| 942 |
_2ddc _cBB |
||
| 999 |
_c14549 _d14549 |
||